[Event "NATO-ch 27th"]
[Site "Shrivenham"]
[Date "2016.08.24"]
[Round "4"]
[White "Cheung, Jan W"]
[Black "Rosenkilde, Alexander"]
[Result "0-1"]
[WhiteElo "2059"]
[BlackElo "2211"]
[PlyCount "94"]
[EventDate "2016.08.22"]
[EventType "swiss"]
[EventRounds "7"]
[EventCountry "ENG"]
[SourceTitle "EXT 2018"]
[Source "ChessBase"]
[SourceDate "2017.10.13"]
[SourceVersion "1"]
[SourceVersionDate "2017.10.13"]
[SourceQuality "1"]

1. d4 Nf6 2. c4 e6 3. Nc3 Bb4 4. Nf3 b6 5. Bg5 Bb7 6. e3 h6 7. Bh4 g5 8. Bg3 Ne4 9. Nd2 Nxg3 10. hxg3 Bxc3 11. bxc3 d6 12. g4 Nd7 13. Qc2 Qe7 14. f3 0-0-0 15. 0-0-0 f5 16. gxf5 exf5 17. Bd3 f4 18. exf4 gxf4 19. Rde1 Qg7 20. Re2 Rde8 21. Rhe1 Rxe2 22. Rxe2 Nf6 23. Bf5+ Kb8 24. Ne4 Nh5 25. Qa4 Rd8 26. Bg4 Qf7 27. d5 Ng3 28. Nxg3 fxg3 29. Kb2 h5 30. Be6 Qf4 31. Kc2 a5 32. Re4 Qf6 33. Qa3 Qg6 34. Qc1 Rf8 35. Kb2 Ba6 36. Qe3 Bc8 37. f4 h4 38. f5 Qf6 39. Qd4 Qg5 40. Rg4 Qh5 41. Qg7 Rd8 42. f6 Qe5 43. f7 Qe2+ 44. Ka3 Qc2 45. f8Q Rxf8 46. Qxf8 Qxc3+ 47. Ka4 Qb4# 0-1

[Event "NATO-ch 27th"]
[Site "Shrivenham"]
[Date "2016.08.22"]
[Round "1"]
[White "Rosenkilde, Alexander"]
[Black "Bublys, Vaidotas"]
[Result "0-1"]
[WhiteElo "2211"]
[BlackElo "1895"]
[PlyCount "74"]
[EventDate "2016.08.22"]
[EventType "swiss"]
[EventRounds "7"]
[EventCountry "ENG"]
[SourceTitle "EXT 2018"]
[Source "ChessBase"]
[SourceDate "2017.10.13"]
[SourceVersion "1"]
[SourceVersionDate "2017.10.13"]
[SourceQuality "1"]

1. d4 Nf6 2. c4 e6 3. g3 c5 4. d5 exd5 5. cxd5 d6 6. Nc3 g6 7. Nf3 Bg7 8. Bg2 0-0 9. 0-0 a6 10. a4 Re8 11. Nd2 Nbd7 12. h3 Ne5 13. f4 Nh5 14. fxe5 Nxg3 15. Rf3 Bxe5 16. Nde4 Nxe4 17. Nxe4 Qh4 18. Ng5 Bf5 19. Rb3 Bd4+ 20. Kh1 Bc2 21. Qf1 Bxb3 22. Qxf7+ Kh8 23. Ra3 Bxd5 24. Nf3 Bxf7 25. Nxh4 Rxe2 26. Bf4 Bxb2 27. Rd3 d5 28. Rb3 b5 29. Rxb2 Rxb2 30. Be5+ Kg8 31. Bxb2 b4 32. Nf3 Re8 33. Ne5 c4 34. Bd4 c3 35. Kg1 c2 36. Nd3 Re1+ 37. Kf2 Rd1 0-1

[Event "Helsingor Xtracon op"]
[Site "Helsingor"]
[Date "2016.07.31"]
[Round "10"]
[White "Rosenkilde, Alexander"]
[Black "Dauth, Benjamin"]
[Result "1-0"]
[WhiteElo "2211"]
[BlackElo "2367"]
[PlyCount "85"]
[EventDate "2016.07.23"]
[EventType "swiss"]
[EventRounds "10"]
[EventCountry "DEN"]
[SourceTitle "CBM 173 Extra"]
[Source "ChessBase"]
[SourceDate "2016.08.29"]
[SourceVersion "1"]
[SourceVersionDate "2016.08.29"]
[SourceQuality "1"]

1. d4 Nf6 2. c4 g6 3. Nc3 d5 4. cxd5 Nxd5 5. e4 Nxc3 6. bxc3 Bg7 7. Bc4 0-0 8. Ne2 c5 9. 0-0 Nc6 10. Be3 cxd4 11. cxd4 Na5 12. Bd3 Be6 13. d5 Bxa1 14. Qxa1 f6 15. Rd1 Bf7 16. Bh6 Qd7 17. Bxf8 Rxf8 18. Qd4 b6 19. Ba6 Nb7 20. Bxb7 Qxb7 21. e5 Rd8 22. Nc3 fxe5 23. Qxe5 b5 24. h4 b4 25. Ne4 b3 26. axb3 Qxb3 27. Rc1 Qa3 28. Rc7 Bxd5 29. Rxe7 Bf7 30. Nf6+ Kf8 31. Nxh7+ Kg8 32. Ng5 Qa4 33. Qg3 Rd1+ 34. Kh2 Rd7 35. Re4 Qc6 36. Qb8+ Kg7 37. Rf4 Qc7 38. Qb2+ Kg8 39. Qf6 a5 40. g3 Qa7 41. h5 gxh5 42. Qh6 a4 43. Ne6 1-0

[Event "Helsingor Xtracon op"]
[Site "Helsingor"]
[Date "2016.07.30"]
[Round "9"]
[White "Madsen, Michael Bohring"]
[Black "Rosenkilde, Alexander"]
[Result "0-1"]
[WhiteElo "2089"]
[BlackElo "2211"]
[PlyCount "128"]
[EventDate "2016.07.23"]
[EventType "swiss"]
[EventRounds "10"]
[EventCountry "DEN"]
[SourceTitle "CBM 173 Extra"]
[Source "ChessBase"]
[SourceDate "2016.08.29"]
[SourceVersion "1"]
[SourceVersionDate "2016.08.29"]
[SourceQuality "1"]

1. Nf3 Nf6 2. c4 e6 3. g3 d5 4. d4 Bb4+ 5. Nbd2 0-0 6. Bg2 b6 7. a3 Be7 8. cxd5 exd5 9. 0-0 Bb7 10. Qc2 c5 11. dxc5 bxc5 12. Nb3 Nbd7 13. Bd2 Qb6 14. Bh3 Ba6 15. Nc1 Rfd8 16. Qa4 Bb5 17. Qh4 Nf8 18. Bf5 d4 19. b4 c4 20. a4 Bc6 21. a5 Qb5 22. Nxd4 Rxd4 23. Qxd4 Qxf5 24. Qxc4 Rc8 25. Nd3 Bd5 26. Qf4 Qh3 27. f3 Ne6 28. Qh4 Qxh4 29. gxh4 Nd4 30. Be3 Nxe2+ 31. Kh1 a6 32. Bc5 Bxc5 33. Nxc5 Bc4 34. Rfd1 Kf8 35. Rd2 Bb5 36. Rad1 Nc3 37. Rc1 Nfd5 38. Rxd5 Nxd5 39. Ne6+ fxe6 40. Rxc8+ Kf7 41. h5 h6 42. Kg2 Nxb4 43. Kg3 Nc6 44. Kf4 Nxa5 45. Ke5 Nc4+ 46. Kd4 Nb6 47. Rb8 Nd7 48. Ra8 Kf6 49. f4 Bf1 50. Rd8 Ke7 51. Rg8 Kf7 52. Rd8 Nf6 53. Ke5 Nxh5 54. Rd7+ Kg6 55. Rd6 Nf6 56. Rxe6 Kh5 57. h3 Kh4 58. Re7 Nh5 59. Re6 Kxh3 60. Rg6 Kh4 61. f5 Bd3 62. Rg1 Ng3 63. f6 gxf6+ 64. Kxf6 Bf1 0-1

[Event "Helsingor Xtracon op"]
[Site "Helsingor"]
[Date "2016.07.28"]
[Round "7"]
[White "Pallesen, Jacob"]
[Black "Rosenkilde, Alexander"]
[Result "1/2-1/2"]
[WhiteElo "2026"]
[BlackElo "2211"]
[PlyCount "65"]
[EventDate "2016.07.23"]
[EventType "swiss"]
[EventRounds "10"]
[EventCountry "DEN"]
[SourceTitle "CBM 173 Extra"]
[Source "ChessBase"]
[SourceDate "2016.08.29"]
[SourceVersion "1"]
[SourceVersionDate "2016.08.29"]
[SourceQuality "1"]

1. g3 e5 2. Bg2 Nc6 3. c3 d5 4. d4 Be6 5. dxe5 Nxe5 6. Nd2 Nf6 7. Ngf3 Ned7 8. Nd4 Bg4 9. h3 Bh5 10. 0-0 c5 11. Nf5 Bg6 12. Nh4 Be7 13. c4 Nb6 14. cxd5 Nbxd5 15. Qa4+ Qd7 16. Qxd7+ Kxd7 17. Nxg6 hxg6 18. Nc4 Rhd8 19. e4 Nc7 20. Bf4 Ne6 21. Rad1+ Ke8 22. Bd6 Nd7 23. e5 Bxd6 24. Nxd6+ Ke7 25. Nxb7 Rh8 26. f4 Rab8 27. Rd2 Rhc8 28. Rfd1 Rc7 29. Na5 Rb6 30. Nc4 Rb8 31. Na5 Rb6 32. Nc4 Rb8 33. Na5 1/2-1/2

[Event "Helsingor Xtracon op"]
[Site "Helsingor"]
[Date "2016.07.24"]
[Round "2"]
[White "Rosenkilde, Alexander"]
[Black "Strachan, Christian C"]
[Result "1-0"]
[WhiteElo "2211"]
[BlackElo "1964"]
[PlyCount "93"]
[EventDate "2016.07.23"]
[EventType "swiss"]
[EventRounds "10"]
[EventCountry "DEN"]
[SourceTitle "CBM 173 Extra"]
[Source "ChessBase"]
[SourceDate "2016.08.29"]
[SourceVersion "1"]
[SourceVersionDate "2016.08.29"]
[SourceQuality "1"]

1. d4 d5 2. c4 c6 3. Nf3 Nf6 4. e3 a6 5. Bd3 dxc4 6. Bxc4 b5 7. Bd3 Bb7 8. 0-0 e6 9. a4 Nbd7 10. e4 Be7 11. Qe2 0-0 12. e5 Ne8 13. Qe4 g6 14. Bh6 Ng7 15. Qg4 Nb6 16. Nc3 Nxa4 17. Nxa4 bxa4 18. Rfd1 Qd7 19. Bg5 c5 20. dxc5 Bxf3 21. gxf3 Bxg5 22. Qxg5 Qc7 23. Qe3 Rab8 24. Rxa4 Rxb2 25. Rxa6 Rb3 26. Qd4 Qb7 27. c6 Qc8 28. Qc4 Rb8 29. c7 Rb7 30. Rc1 Ne8 31. Rc6 Kg7 32. Qc5 Nxc7 33. Rxc7 Rxc7 34. Qxc7 Qa8 35. Be4 Qa3 36. Rb1 Qa2 37. Qe7 Qd2 38. Qf6+ Kg8 39. Rb7 Qc1+ 40. Kg2 Qh6 41. Ra7 Qh5 42. h4 Qh6 43. f4 Qg7 44. Qxg7+ Kxg7 45. Ra8 h5 46. Rxf8 Kxf8 47. Kf3 1-0

[Event "DEN-chT 1516 54th"]
[Site "Denmark"]
[Date "2016.01.24"]
[Round "6.3"]
[White "Rosenkilde, Alexander"]
[Black "Skytte, Rasmus"]
[Result "1/2-1/2"]
[WhiteElo "2197"]
[BlackElo "2413"]
[PlyCount "60"]
[EventDate "2015.10.31"]
[EventType "team-tourn"]
[EventRounds "9"]
[EventCountry "DEN"]
[SourceTitle "CBM 170 Extra"]
[Source "ChessBase"]
[SourceDate "2016.02.25"]
[SourceVersion "1"]
[SourceVersionDate "2016.02.25"]
[SourceQuality "1"]
[WhiteTeam "Jetsmark"]
[BlackTeam "Aarhus/Skolerne"]
[WhiteTeamCountry "DEN"]
[BlackTeamCountry "DEN"]

1. d4 Nf6 2. c4 c5 3. d5 b5 4. cxb5 a6 5. bxa6 g6 6. Nc3 Bg7 7. g3 d6 8. Nf3 Nxa6 9. Bg2 0-0 10. 0-0 Nc7 11. Re1 Ba6 12. e4 Nd7 13. Rb1 Nb5 14. Ne2 Qb6 15. Be3 Rfb8 16. a4 Nc7 17. b4 Bxe2 18. Rxe2 Qa6 19. Ra2 Rxb4 20. Rxb4 cxb4 21. Bf1 Qb7 22. Qb3 e6 23. Bc4 exd5 24. exd5 Na6 25. Bxa6 Rxa6 26. Bd2 Nf6 27. Qxb4 Qxb4 28. Bxb4 Nxd5 29. Bd2 Bc3 30. Be3 f5 1/2-1/2

[Event "DEN-chT 1516 54th"]
[Site "Denmark"]
[Date "2016.01.09"]
[Round "4.6"]
[White "Rosenkilde, Alexander"]
[Black "Palm, Nikolaj"]
[Result "1-0"]
[WhiteElo "2197"]
[BlackElo "2347"]
[PlyCount "42"]
[EventDate "2015.10.31"]
[EventType "team-tourn"]
[EventRounds "9"]
[EventCountry "DEN"]
[SourceTitle "CBM 170 Extra"]
[Source "ChessBase"]
[SourceDate "2016.02.25"]
[SourceVersion "1"]
[SourceVersionDate "2016.02.25"]
[SourceQuality "1"]
[WhiteTeam "Jetsmark"]
[BlackTeam "Bronshoj"]
[WhiteTeamCountry "DEN"]
[BlackTeamCountry "DEN"]

1. d4 d5 2. c4 e6 3. Nf3 c6 4. Nc3 Nf6 5. Bg5 Be7 6. e3 0-0 7. Bd3 Nbd7 8. 0-0 a6 9. Qe2 dxc4 10. Bxc4 b5 11. Bd3 c5 12. Rac1 Qb6 13. Ne4 cxd4 14. exd4 Bb7 15. Ne5 Rfe8 16. Nxf6+ Nxf6 17. Bxf6 Bxf6 18. Bxh7+ Kh8 19. Qh5 Bxe5 20. Bg6+ Kg8 21. Bxf7+ Kf8 1-0

[Event "EU-Cup 31st"]
[Site "Skopje"]
[Date "2015.10.23"]
[Round "6.3"]
[White "Rosenkilde, Alexander"]
[Black "Vuilleumier, Alexandre"]
[Result "1-0"]
[WhiteElo "2197"]
[BlackElo "2345"]
[PlyCount "89"]
[EventDate "2015.10.18"]
[EventType "team-swiss"]
[EventRounds "7"]
[EventCountry "MKD"]
[SourceTitle "CBM 169"]
[Source "ChessBase"]
[SourceDate "2015.11.10"]
[SourceVersion "1"]
[SourceVersionDate "2015.11.10"]
[SourceQuality "1"]
[WhiteTeam "Jetsmark"]
[BlackTeam "Geneve"]
[WhiteTeamCountry "DEN"]
[BlackTeamCountry "SUI"]

1. d4 Nf6 2. c4 e6 3. Nf3 d5 4. g3 dxc4 5. Bg2 a6 6. 0-0 Nc6 7. e3 Bd7 8. Qe2 b5 9. b3 cxb3 10. axb3 Bd6 11. Bb2 0-0 12. Rc1 Nb4 13. Na3 c6 14. Nc2 Nfd5 15. Nxb4 Nxb4 16. Ne5 Bxe5 17. dxe5 Qc7 18. Bd4 Rfc8 19. Bc5 a5 20. Bd6 Qd8 21. Be4 Nd5 22. Qd3 f5 23. exf6 Nxf6 24. Bg2 Be8 25. Qd4 Nd5 26. Qc5 Qd7 27. e4 Nb4 28. Rd1 Bf7 29. Qg5 Qe8 30. h4 h6 31. Qe5 Rd8 32. Bh3 Rd7 33. Kh2 Rdd8 34. g4 Kh7 35. h5 Bg8 36. Rd2 Qf7 37. g5 hxg5 38. Qxg5 Qf6 39. Qg1 Rxd6 40. Rxd6 Qe5+ 41. Qg3 Qxa1 42. h6 Rf8 43. e5 gxh6 44. Rd7+ Rf7 45. Bxe6 1-0

[Event "EU-Cup 31st"]
[Site "Skopje"]
[Date "2015.10.22"]
[Round "5.3"]
[White "Ilic, Ljubomir"]
[Black "Rosenkilde, Alexander"]
[Result "1/2-1/2"]
[WhiteElo "2189"]
[BlackElo "2197"]
[PlyCount "160"]
[EventDate "2015.10.18"]
[EventType "team-swiss"]
[EventRounds "7"]
[EventCountry "MKD"]
[SourceTitle "CBM 169"]
[Source "ChessBase"]
[SourceDate "2015.11.10"]
[SourceVersion "1"]
[SourceVersionDate "2015.11.10"]
[SourceQuality "1"]
[WhiteTeam "MSK Centar"]
[BlackTeam "Jetsmark"]
[WhiteTeamCountry "MKD"]
[BlackTeamCountry "DEN"]

1. e4 c5 2. Nc3 d6 3. Nf3 Nf6 4. d4 cxd4 5. Nxd4 a6 6. f4 e6 7. Be3 b5 8. Bd3 Bb7 9. Qf3 Nbd7 10. 0-0 Be7 11. Rae1 0-0 12. g4 b4 13. Nce2 Nc5 14. Ng3 Nfd7 15. Bf2 Nxd3 16. cxd3 Nc5 17. f5 e5 18. Nb3 Nxb3 19. axb3 Rc8 20. Nh5 d5 21. Be3 f6 22. Rf2 dxe4 23. dxe4 Rf7 24. Rd2 Qe8 25. Ng3 Qb5 26. Red1 Bc5 27. Qf2 Bxe3 28. Qxe3 Rfc7 29. g5 fxg5 30. Qxg5 Qb6+ 31. Kg2 Rc2 32. Kh3 Rxd2 33. Rxd2 Qf6 34. Qxf6 gxf6 35. Nh5 Bc6 36. Nxf6+ Kf7 37. Nd5 Bxd5 38. Rxd5 Kf6 39. Kg4 Rc2 40. Rd6+ Kf7 41. Rd7+ Kf6 42. Rxh7 Rg2+ 43. Kf3 Rxb2 44. Rh6+ Kg5 45. Rg6+ Kh5 46. Rxa6 Rxh2 47. Re6 Rh3+ 48. Ke2 Rxb3 49. Rxe5 Rh3 50. Kd2 b3 51. Kc1 Rh2 52. Re6 Rf2 53. f6 Kg6 54. e5 Kf7 55. Re7+ Kf8 56. Rb7 Re2 57. Re7 Rf2 58. Re6 Kf7 59. Rb6 Re2 60. Rb7+ Kf8 61. Re7 Rf2 62. Kb1 Kg8 63. Rg7+ Kf8 64. Rg3 Re2 65. Rg5 Kf7 66. Rf5 Re4 67. Kb2 Re3 68. Ka3 Ke8 69. f7+ Kf8 70. Kb2 Re4 71. Kxb3 Re1 72. Kc4 Rc1+ 73. Kd5 Rd1+ 74. Ke6 Ra1 75. Kf6 Ra7 76. Ke6 Ra1 77. Kd5 Rd1+ 78. Ke4 Re1+ 79. Kd5 Rd1+ 80. Ke6 Ra1 1/2-1/2

[Event "EU-Cup 31st"]
[Site "Skopje"]
[Date "2015.10.19"]
[Round "2.3"]
[White "Decoster, Frederic"]
[Black "Rosenkilde, Alexander"]
[Result "1/2-1/2"]
[WhiteElo "2318"]
[BlackElo "2197"]
[PlyCount "113"]
[EventDate "2015.10.18"]
[EventType "team-swiss"]
[EventRounds "7"]
[EventCountry "MKD"]
[SourceTitle "CBM 169"]
[Source "ChessBase"]
[SourceDate "2015.11.10"]
[SourceVersion "1"]
[SourceVersionDate "2015.11.10"]
[SourceQuality "1"]
[WhiteTeam "Bruges"]
[BlackTeam "Jetsmark"]
[WhiteTeamCountry "BEL"]
[BlackTeamCountry "DEN"]

1. e4 c5 2. Nf3 d6 3. d4 cxd4 4. Nxd4 Nf6 5. Nc3 a6 6. Bg5 Nbd7 7. Qe2 e5 8. Nf5 h6 9. Bh4 g6 10. Ne3 Be7 11. 0-0-0 b5 12. Kb1 Kf8 13. f3 Kg7 14. Bxf6+ Nxf6 15. Qe1 Be6 16. Be2 Qb6 17. Ncd5 Bxd5 18. Nxd5 Nxd5 19. Rxd5 Rhc8 20. Qg1 Qa5 21. Qe3 Rc5 22. Rhd1 Rac8 23. c3 Qc7 24. a3 Rb8 25. Qd3 Rxd5 26. Qxd5 Qb6 27. Ka2 Rc8 28. Qd2 Rc6 29. Bd3 Bg5 30. Qe2 Qc5 31. Bc2 Qb6 32. Bb3 a5 33. Rd5 b4 34. cxb4 axb4 35. Qb5 bxa3 36. Qxb6 Rxb6 37. bxa3 Be3 38. a4 Bc5 39. Rd1 Kf6 40. Rb1 Ra6 41. Kb2 Kg5 42. Kc2 f5 43. Kd3 Kf4 44. Bc2 h5 45. Ke2 h4 46. Rb8 fxe4 47. fxe4 Bg1 48. Rg8 Kg5 49. h3 Rb6 50. Rf8 Rb2 51. Kd3 Ra2 52. Rf1 Bd4 53. Kd2 Ra3 54. Bd1 Ra2+ 55. Bc2 Ra3 56. Bd1 Ra2+ 57. Bc2 1/2-1/2

[Event "Politiken Cup 37th"]
[Site "Helsingor"]
[Date "2015.07.31"]
[Round "8"]
[White "Ivarsson, Torbjorn"]
[Black "Rosenkilde, Alexander"]
[Result "1-0"]
[WhiteElo "2100"]
[BlackElo "2225"]
[PlyCount "83"]
[EventDate "2015.07.25"]
[EventType "swiss"]
[EventRounds "10"]
[EventCountry "DEN"]
[SourceTitle "CBM 167 Extra"]
[Source "ChessBase"]
[SourceDate "2015.09.14"]
[SourceVersion "1"]
[SourceVersionDate "2015.09.14"]
[SourceQuality "1"]

1. e4 c5 2. c3 d5 3. exd5 Qxd5 4. d4 Nc6 5. Nf3 Bg4 6. dxc5 Qxd1+ 7. Kxd1 e6 8. Be3 Nf6 9. Nbd2 Nd5 10. Ne4 Nxe3+ 11. fxe3 Rd8+ 12. Ke1 h6 13. b4 f5 14. Nf2 Bh5 15. Bb5 Ke7 16. Rd1 Rxd1+ 17. Kxd1 g5 18. Kc2 Bg7 19. a4 e5 20. e4 f4 21. h3 Bg6 22. Rd1 Rd8 23. Rxd8 Kxd8 24. Bc4 Ne7 25. Kd3 Be8 26. b5 Ng6 27. Be6 Kc7 28. Kc4 Nf8 29. Bd5 Ng6 30. a5 Bf6 31. Be6 a6 32. b6+ Kd8 33. Bd5 Kc8 34. c6 bxc6 35. Be6+ Kb7 36. Nd3 Be7 37. Nc5+ Bxc5 38. Kxc5 Nf8 39. Bf5 Ng6 40. Kd6 h5 41. Bxg6 Bxg6 42. Nxg5 1-0